00542nam a2200205Ia 4500008004100000020002200041050001500063050001400078100001800092245001700110245001700127260001300144260002900157260000900186300001600195300002700211300001100238650005100249650003600300161112s9999 xx 000 0 und d a978-971-93446-4-3 aREF N 7327 b.R36 2008 aRamirez, Fred 0aModern art / 0cFred Ramirez a[s. l. ] bJamayco Publishing House c2008 a149 pages : bcolor illustrations. ; c29 cm. aArt -- Modern -- 20th Century -- Philippines.  xArt, Modern -- Pictorial works.